ISIS : The State Of Terror (Record no. 342262)

MARC details
000 -LEADER
fixed length control field 00460nam a2200169Ia 4500
008 - FIXED-LENGTH DATA ELEMENTS--GENERAL INFORMATION
fixed length control field 230718s9999 xx 000 0 und d
020 ## - INTERNATIONAL STANDARD BOOK NUMBER
International Standard Book Number 9780008133610
041 ## - LANGUAGE CODE
Language code of text/sound track or separate title eng
082 ## - DEWEY DECIMAL CLASSIFICATION NUMBER
Classification number 363.32
Item number STE
100 ## - MAIN ENTRY--PERSONAL NAME
Personal name Stern J.
9 (RLIN) 199102
245 ## - TITLE STATEMENT
Title ISIS : The State Of Terror
260 ## - PUBLICATION, DISTRIBUTION, ETC. (IMPRINT)
Date of publication, distribution, etc. 2015
Name of publisher, distributor, etc. William Collins
300 ## - PHYSICAL DESCRIPTION
Extent 385
365 ## - TRADE PRICE
Currency code Rs.
Price amount 450.00
700 ## - ADDED ENTRY--PERSONAL NAME
Personal name Stern J. & Berger J.M.
9 (RLIN) 199103
906 ## - LOCAL DATA ELEMENT F, LDF (RLIN)
d O:0515627-Jun-2016B:174421-Jun-2016
c GENRL
b 99
Holdings
Withdrawn status Lost status Damaged status Not for loan Home library Current library Date acquired Vendor Budget Code Cost, normal purchase price Bill number Total Checkouts Full call number Barcode Checked out Date last seen Date last checked out Discount Cost, replacement price Bill Date Koha item type Original Barcode
        Cummins College of Engineering for Women Pune Cummins College of Engineering for Women Pune 27/06/2016 Technical Book Services GENRL 351.00 1744 5 363.32 CCEP-BK-53469 13/04/2026 30/03/2026 30/03/2026 99 450.00 21/06/2016 Books 053469